[Event "World Blitz 2025"]
[Site "Doha QAT"]
[Date "2025.12.29"]
[Round "6.62"]
[White "Lazavik, Denis"]
[Black "Samunenkov, Ihor"]
[Result "1-0"]
[WhiteTitle "GM"]
[BlackTitle "GM"]
[WhiteElo "2605"]
[BlackElo "2584"]
[WhiteFideId "13515110"]
[BlackFideId "14187086"]
[EventDate "2025.12.29"]

1. d4 Nf6 2. Nf3 d5 3. Bg5 Nbd7 4. e3 h6 5. Bh4 e6 6. Nbd2 c5 7. c3 Bd6 8. Bd3
Qc7 9. O-O O-O 10. Qe2 Re8 11. Rac1 e5 12. dxe5 Bxe5 13. Nxe5 Qxe5 14. Nf3 Qe6
15. Qc2 Ne5 16. Nxe5 Qxe5 17. c4 dxc4 18. Bxc4 Be6 19. Bxe6 Rxe6 20. Bg3 Qd5 21.
Rfd1 Qe4 22. Qxc5 a6 23. Qd4 Qg6 24. h3 Rae8 25. Qd3 Ne4 26. Bf4 Qf6 27. Qd4 Qf5
28. f3 Nf6 29. Rc5 Qg6 30. e4 Nh5 31. Bh2 Nf6 32. Re5 Kh7 33. Rxe6 Rxe6 34. Qd3
h5 35. e5 Qxd3 36. Rxd3 Ng8 37. g4 hxg4 38. hxg4 f6 39. exf6 Nxf6 40. Kf2 Kg6
41. Rc3 Nd5 42. Rb3 b5 43. a3 Nb6 44. Bf4 Nc4 45. Bc1 Rd6 46. Rc3 Kf7 47. b3 Ne5
48. Kg3 Nc6 49. Bf4 Re6 50. Rd3 Na5 51. Bd2 Nc6 52. Bc3 Kg6 53. Rd7 Ne7 54. Kf2
Kf7 55. Bb4 1-0

[Event "World Blitz 2025"]
[Site "Doha QAT"]
[Date "2025.12.29"]
[Round "6.63"]
[White "Halkias, Stelios"]
[Black "Dardha, Daniel"]
[Result "0-1"]
[WhiteTitle "GM"]
[BlackTitle "GM"]
[WhiteElo "2503"]
[BlackElo "2603"]
[WhiteFideId "4201809"]
[BlackFideId "240990"]
[EventDate "2025.12.29"]

1. Nf3 b6 2. g3 Bb7 3. Bg2 g6 4. d4 Bg7 5. c4 Nf6 6. O-O O-O 7. Re1 Na6 8. Nc3
Ne4 9. h4 Nxc3 10. bxc3 c5 11. d5 d6 12. e4 e5 13. h5 Nc7 14. Be3 Ne8 15. Nh2 f5
16. hxg6 hxg6 17. exf5 gxf5 18. Qh5 Bc8 19. Bg5 Nf6 20. Qe2 Qe8 21. f4 e4 22.
Bh3 Nh7 23. Bh4 Bxc3 24. Kh1 Kh8 25. Nf1 Qf7 26. Ne3 Bd7 27. Rac1 Bd4 28. Rcd1
Rg8 29. Rg1 Rab8 30. Rg2 b5 31. Rh2 bxc4 32. Nxc4 Qxd5 33. Bxf5 e3+ 34. Kg1 Qxf5
35. Nxd6 Qxf4 36. Qh5 e2+ 37. Rxd4 e1=Q+ 0-1

[Event "World Blitz 2025"]
[Site "Doha QAT"]
[Date "2025.12.29"]
[Round "6.64"]
[White "Stefansson, Vignir Vatnar"]
[Black "Zverev, Lev"]
[Result "1-0"]
[WhiteTitle "GM"]
[BlackTitle "IM"]
[WhiteElo "2519"]
[BlackElo "2453"]
[WhiteFideId "2308649"]
[BlackFideId "24250775"]
[EventDate "2025.12.29"]

1. d4 Nf6 2. Nf3 d5 3. c4 e6 4. g3 Bb4+ 5. Nbd2 O-O 6. Bg2 Nbd7 7. O-O b6 8. Ne5
Bb7 9. Qa4 Bxd2 10. Bxd2 Nxe5 11. dxe5 Nd7 12. Bc3 Nc5 13. Qc2 dxc4 14. Bxb7
Nxb7 15. Rfd1 Qc8 16. Qe4 b5 17. Qc6 a6 18. Rd7 Qe8 19. Rad1 Rd8 20. Qxc7 Rxd7
21. Rxd7 Nc5 22. Re7 Qc8 23. Bb4 Na4 24. Rxf7 1-0

[Event "World Blitz 2025"]
[Site "Doha QAT"]
[Date "2025.12.29"]
[Round "6.65"]
[White "Tsaruk, Maksim"]
[Black "Amin, Bassem"]
[Result "1-0"]
[WhiteTitle "GM"]
[BlackTitle "GM"]
[WhiteElo "2515"]
[BlackElo "2626"]
[WhiteFideId "13511173"]
[BlackFideId "10601457"]
[EventDate "2025.12.29"]

1. e4 e5 2. Bc4 Nc6 3. Nc3 Bc5 4. d3 d6 5. Na4 Bb6 6. a3 Be6 7. Bxe6 fxe6 8.
Qh5+ g6 9. Qd1 Nf6 10. Nf3 Qe7 11. O-O h6 12. b4 g5 13. b5 Nd8 14. Nxb6 axb6 15.
d4 exd4 16. e5 dxe5 17. Nxe5 Qd6 18. Re1 Nf7 19. Qf3 Qd8 20. Ng6 Kd7 21. Nxh8
Qxh8 22. Bb2 e5 23. Qxb7 Re8 24. Qc6+ Kd8 25. a4 Nd7 26. Bxd4 Qf6 27. Qxf6+ Nxf6
28. Bb2 Kc8 29. a5 bxa5 30. Rxa5 Kb7 31. Ra6 Nd5 32. c4 Nb4 33. Rf6 Nd6 34. c5
Nd3 35. Re2 Nc4 36. Bc3 h5 37. h3 Nxc5 38. Rc6 1-0

[Event "World Blitz 2025"]
[Site "Doha QAT"]
[Date "2025.12.29"]
[Round "6.66"]
[White "Gaehwiler, Gabriel"]
[Black "Christiansen, Johan-Sebastian"]
[Result "1-0"]
[WhiteTitle "IM"]
[BlackTitle "GM"]
[WhiteElo "2382"]
[BlackElo "2655"]
[WhiteFideId "1314530"]
[BlackFideId "1512668"]
[EventDate "2025.12.29"]

1. d4 Nf6 2. Nf3 c5 3. d5 b5 4. c4 b4 5. Nbd2 g6 6. b3 Bg7 7. Bb2 O-O 8. e4 d6
9. Be2 a5 10. a3 e5 11. dxe6 Bxe6 12. axb4 cxb4 13. Nd4 Bc8 14. O-O Qb6 15. Nb5
Nbd7 16. Bd4 Qc6 17. Qc2 Bb7 18. Qb2 Rfe8 19. f3 Ne5 20. Rfd1 Nh5 21. g3 Nf6 22.
c5 Ba6 23. Rxa5 Ned7 24. cxd6 Qb7 25. Rda1 Rec8 26. Nc7 Bxe2 27. Rxa8 Rxa8 28.
Rxa8+ Bf8 29. Bxf6 Qb6+ 30. Qd4 Qc6 31. Kf2 Bd1 32. Be7 h5 33. Bxf8 Nxf8 34.
Rxf8+ 1-0

[Event "World Blitz 2025"]
[Site "Doha QAT"]
[Date "2025.12.29"]
[Round "6.67"]
[White "Khubukshanov, Erdem"]
[Black "Petrov, Nikita"]
[Result "1-0"]
[WhiteTitle "IM"]
[BlackTitle "GM"]
[WhiteElo "2502"]
[BlackElo "2578"]
[WhiteFideId "54114527"]
[BlackFideId "4101286"]
[EventDate "2025.12.29"]

1. e4 e5 2. Nf3 Nc6 3. Bc4 d6 4. c3 Be7 5. Qb3 Nh6 6. d4 O-O 7. Bxh6 gxh6 8.
Nbd2 Na5 9. Qa4 Nxc4 10. Qxc4 Be6 11. Qd3 Bf6 12. O-O Kh8 13. Qe3 Bg7 14. a4 a5
15. Rad1 Qf6 16. dxe5 dxe5 17. Qc5 Rfc8 18. Nc4 b6 19. Qc6 Qf4 20. Rd3 Rg8 21.
g3 Bf6 22. Kh1 Qg4 23. Ncxe5 Bxe5 24. Nxe5 Qe2 25. Kg1 Rad8 26. Rxd8 Rxd8 27.
Nxf7+ Kg7 28. Qxe6 1-0

[Event "World Blitz 2025"]
[Site "Doha QAT"]
[Date "2025.12.29"]
[Round "6.68"]
[White "Xiao, Tong(QD)"]
[Black "Hakobyan, Aram"]
[Result "0-1"]
[WhiteTitle "GM"]
[BlackTitle "GM"]
[WhiteElo "2555"]
[BlackElo "2613"]
[WhiteFideId "8622388"]
[BlackFideId "13306677"]
[EventDate "2025.12.29"]

1. Nf3 d5 2. b3 Bf5 3. Bb2 Nf6 4. g3 Nc6 5. Bg2 Qd7 6. h3 O-O-O 7. d4 Ne4 8. a3
f6 9. Nh4 Be6 10. Nd2 g5 11. Nhf3 Bf5 12. c4 e6 13. e3 h5 14. b4 dxc4 15. Nxc4
e5 16. b5 Ne7 17. Qa4 Kb8 18. dxe5 Nc5 19. Qa5 Nb3 20. Qc3 Nxa1 21. O-O Nd5 22.
Qc1 Nb3 23. Qd1 Nc5 24. Nd4 Bxh3 25. e6 Bxe6 26. Qe2 h4 27. Nxe6 Qxe6 28. Bd4
Nb3 29. Bb2 hxg3 30. fxg3 Bc5 31. Re1 Rde8 32. Qd3 Nxe3 33. Nxe3 Bxe3+ 34. Kf1
Nd2+ 35. Qxd2 Qf5+ 0-1

[Event "World Blitz 2025"]
[Site "Doha QAT"]
[Date "2025.12.29"]
[Round "6.85"]
[White "Uskov, Artem"]
[Black "Anwoir, Tarik"]
[Result "1-0"]
[WhiteTitle "GM"]
[WhiteElo "2516"]
[BlackElo "2098"]
[WhiteFideId "34254854"]
[BlackFideId "9004904"]
[EventDate "2025.12.29"]

1. c4 Nf6 2. g3 d5 3. cxd5 Qxd5 4. Nf3 c6 5. Nc3 Qa5 6. Bg2 Bf5 7. d3 e6 8. O-O
Nbd7 9. Bd2 Qd8 10. Qc2 Be7 11. h3 h6 12. b4 a6 13. Rab1 O-O 14. Rfc1 Bh7 15.
Na4 Nd5 16. Nc5 b5 17. Nxd7 Qxd7 18. Ne5 Qb7 19. Nxc6 Rac8 20. Bxd5 exd5 21.
Nxe7+ Qxe7 22. Qxc8 1-0

[Event "World Blitz 2025"]
[Site "Doha QAT"]
[Date "2025.12.29"]
[Round "6.86"]
[White "Sanal, Vahap"]
[Black "Rami, Talab"]
[Result "1-0"]
[WhiteTitle "GM"]
[WhiteElo "2546"]
[BlackElo "2173"]
[WhiteFideId "6300545"]
[BlackFideId "7609787"]
[EventDate "2025.12.29"]

1. e4 c6 2. Nf3 d5 3. d3 dxe4 4. dxe4 Qxd1+ 5. Kxd1 g6 6. Ne5 Bg7 7. Nd3 f5 8.
e5 Be6 9. Nc5 Bc8 10. f4 Na6 11. Bxa6 bxa6 12. Be3 Nh6 13. Ke2 Nf7 14. Nd2 Nd8
15. Ndb3 Ne6 16. g3 Rb8 17. Rab1 Kf7 18. Rhd1 a5 19. Nxa5 Nxc5 20. Bxc5 Be6 21.
c4 g5 22. b4 gxf4 23. gxf4 Bh6 24. Kf3 Rhg8 25. h3 Ra8 26. Nxc6 Bxc4 27. Nxe7
Be6 28. Nxg8 Rxg8 29. Rbc1 Rg6 30. Bxa7 Bf8 31. Rc7+ Kg8 32. Rg1 Bxb4 33. Rxg6+
hxg6 34. a4 Bb3 35. Bc5 Bd2 36. Ra7 Bd1+ 37. Kg3 g5 38. e6 Bxf4+ 39. Kf2 Bh5 40.
Ra8+ Kg7 41. Bd4+ Kg6 42. Rg8+ Kh7 43. Rh8+ Kg6 44. e7 1-0

[Event "World Blitz 2025"]
[Site "Doha QAT"]
[Date "2025.12.29"]
[Round "6.87"]
[White "Ohanyan, Emin"]
[Black "Warmerdam, Max"]
[Result "1-0"]
[WhiteTitle "GM"]
[BlackTitle "GM"]
[WhiteElo "2493"]
[BlackElo "2573"]
[WhiteFideId "13312022"]
[BlackFideId "1048104"]
[EventDate "2025.12.29"]

1. d4 d5 2. Nf3 Nf6 3. c4 e6 4. Nc3 Nbd7 5. Bf4 Bb4 6. cxd5 exd5 7. e3 Ne4 8.
Qc2 g5 9. Bg3 h5 10. h4 Nxg3 11. fxg3 Qe7 12. Bd3 Bxc3+ 13. bxc3 g4 14. Ng5
Qxe3+ 15. Kd1 O-O 16. Rf1 f6 17. Bc4 Qe7 18. Qg6+ 1-0

[Event "World Blitz 2025"]
[Site "Doha QAT"]
[Date "2025.12.29"]
[Round "6.88"]
[White "Bilguun, Sumiya"]
[Black "Ponkratov, Pavel"]
[Result "0-1"]
[WhiteTitle "GM"]
[BlackTitle "GM"]
[WhiteElo "2442"]
[BlackElo "2587"]
[WhiteFideId "4901541"]
[BlackFideId "4157800"]
[EventDate "2025.12.29"]

1. e4 e6 2. d4 d5 3. Bd3 dxe4 4. Bxe4 Nf6 5. Bf3 c5 6. Ne2 Be7 7. Be3 O-O 8.
dxc5 Qc7 9. b4 Rd8 10. Qc1 Nc6 11. a3 Ne5 12. Nd2 Nxf3+ 13. Nxf3 b6 14. cxb6
axb6 15. O-O Bb7 16. Bf4 Qc4 17. Ng3 Bxf3 18. gxf3 Rac8 19. Be5 Rd5 20. Re1 Nd7
21. Re4 Qxc2 22. Qxc2 Rxc2 23. Bf4 Bf6 24. Rae1 b5 25. R4e2 Rc3 26. Re3 g5 27.
Ne4 Rc4 28. Nxf6+ Nxf6 29. Be5 Nd7 30. Bb2 h5 31. Re4 Rc2 32. R4e2 Rxe2 33. Rxe2
Nb6 34. Bf6 Kh7 35. Rc2 Kg6 36. Be7 Rd7 37. Bc5 Rd1+ 38. Kg2 Nd5 39. Be3 Rd3 40.
Rc5 Rxa3 41. Rxb5 Rb3 42. Rb8 f6 43. b5 Nxe3+ 44. fxe3 Rxe3 45. b6 Rb3 46. b7
Kf5 47. h3 Rb2+ 48. Kg1 Ke5 49. Kf1 h4 50. Kg1 f5 51. Rg8 Rxb7 52. Rxg5 Kf4 53.
Rg6 e5 54. Re6 Kg3 55. Kf1 Kxf3 56. Rxe5 Rb1+ 57. Re1 Rxe1+ 58. Kxe1 Kg2 0-1

[Event "World Blitz 2025"]
[Site "Doha QAT"]
[Date "2025.12.29"]
[Round "6.89"]
[White "Wojtaszek, Radoslaw"]
[Black "Gan-Erdene, Sugar"]
[Result "1/2-1/2"]
[WhiteTitle "GM"]
[BlackTitle "IM"]
[WhiteElo "2667"]
[BlackElo "2444"]
[WhiteFideId "1118358"]
[BlackFideId "4902980"]
[EventDate "2025.12.29"]

1. d4 Nf6 2. c4 e6 3. Nf3 d5 4. g3 Bb4+ 5. Bd2 Be7 6. Qc2 O-O 7. Bg2 c6 8. O-O
Ne4 9. Nc3 f5 10. Bf4 Nd7 11. Ne5 Bf6 12. Rad1 a5 13. Nxe4 fxe4 14. f3 exf3 15.
Nxf3 a4 16. e4 Nb6 17. b3 axb3 18. axb3 dxe4 19. Qxe4 Ra2 20. Rd2 Rxd2 21. Bxd2
Qe7 22. Re1 c5 23. dxc5 Qxc5+ 24. Kh1 h6 25. Qe3 Qxe3 26. Bxe3 Nd7 27. c5 g5 28.
b4 Bc3 29. Rb1 Nf6 30. Bd4 Nd5 31. Bxc3 Nxc3 32. Rb3 Nd5 33. Kg1 Bd7 34. Nd4 Ra8
35. Rb1 Ra2 36. b5 Rd2 37. c6 bxc6 38. bxc6 Bc8 39. Nb5 Rc2 40. Bxd5 exd5 41.
Nd4 Rc4 42. Rb8 Rxd4 43. Rxc8+ Kg7 44. Rd8 Rc4 45. Rd6 Rc2 46. g4 d4 47. Rxd4
Rxc6 1/2-1/2

[Event "World Blitz 2025"]
[Site "Doha QAT"]
[Date "2025.12.29"]
[Round "6.90"]
[White "Samadov, Read"]
[Black "Svane, Rasmus"]
[Result "0-1"]
[WhiteTitle "IM"]
[BlackTitle "GM"]
[WhiteElo "2510"]
[BlackElo "2608"]
[WhiteFideId "13417444"]
[BlackFideId "4657101"]
[EventDate "2025.12.29"]

1. d4 Nf6 2. c4 e6 3. Nf3 d5 4. Nc3 Be7 5. cxd5 exd5 6. Bf4 Nh5 7. Bd2 c6 8. e3
Nf6 9. Bd3 O-O 10. Qc2 Re8 11. O-O Nbd7 12. Rfe1 Nf8 13. h3 Bd6 14. a3 Bd7 15.
Rad1 Rc8 16. e4 dxe4 17. Nxe4 Nxe4 18. Bxe4 h6 19. Bc3 Be6 20. Ne5 Qc7 21. Re3
Nd7 22. Bh7+ Kf8 23. Rde1 Nf6 24. Bf5 Kg8 25. Bd3 Nd5 26. Rf3 Bxe5 27. dxe5 Nxc3
28. Qxc3 Rcd8 29. Bb1 Rd5 30. Qc2 Rxe5 31. Qh7+ Kf8 32. Rd1 Bd5 33. Re3 Rxe3 34.
fxe3 Rxe3 35. Qh8+ Ke7 36. Qxg7 Qg3 37. Qxg3 Rxg3 38. Rd2 Ke6 39. Bc2 a5 40. Bd1
Ke5 41. Kh2 Re3 42. Rf2 f5 43. Bc2 f4 44. Rd2 b5 45. Bd1 b4 46. axb4 axb4 47.
Bg4 c5 48. Kg1 c4 49. Kf2 c3 50. bxc3 bxc3 51. Rd1 c2 52. Rc1 Be4 53. Be2 Kd4
54. Bb5 Kc3 0-1

[Event "World Blitz 2025"]
[Site "Doha QAT"]
[Date "2025.12.29"]
[Round "6.91"]
[White "Makarian, Rudik"]
[Black "Droin, Augustin"]
[Result "1-0"]
[WhiteTitle "GM"]
[BlackTitle "IM"]
[WhiteElo "2524"]
[BlackElo "2480"]
[WhiteFideId "44105681"]
[BlackFideId "45105987"]
[EventDate "2025.12.29"]

1. d4 d5 2. c4 e6 3. Nf3 Nf6 4. g3 Bb4+ 5. Bd2 a5 6. a3 Be7 7. Bg2 O-O 8. Qc2 b6
9. cxd5 exd5 10. O-O Bb7 11. Nc3 Re8 12. Bf4 c5 13. Rad1 Nc6 14. dxc5 bxc5 15.
Qb3 Qc8 16. Nxd5 Nxd5 17. Rxd5 a4 18. Qd1 Na5 19. Rd7 Bc6 20. Rc7 Qa6 21. Ne5
Bxg2 22. Kxg2 Bd6 23. Qd5 Bxc7 24. Qxf7+ Kh8 25. Qxc7 Nc4 26. Nf7+ Kg8 27. Ng5
h6 28. Qf7+ Kh8 29. Nf3 Rf8 30. Qd5 Rad8 31. Qxc5 Nxb2 32. Ne5 Qb7+ 33. f3 Rf6
34. Rb1 Nd3 35. Rxb7 Nxc5 36. Nf7+ Rxf7 37. Rxf7 Re8 38. Kf2 Kg8 39. Ra7 Rc8 40.
Be3 1-0

[Event "World Blitz 2025"]
[Site "Doha QAT"]
[Date "2025.12.29"]
[Round "6.92"]
[White "Sankalp, Gupta"]
[Black "Le, Tuan Minh"]
[Result "1-0"]
[WhiteTitle "GM"]
[BlackTitle "GM"]
[WhiteElo "2557"]
[BlackElo "2598"]
[WhiteFideId "5097010"]
[BlackFideId "12401153"]
[EventDate "2025.12.29"]

1. Nf3 d5 2. e3 Nf6 3. c4 c6 4. Nc3 a6 5. d4 Bf5 6. cxd5 cxd5 7. Qb3 Ra7 8. Be2
e6 9. O-O Nbd7 10. a4 Bd6 11. Bd2 O-O 12. Rfc1 h6 13. a5 Qb8 14. Na4 Bg4 15. h3
Bxf3 16. Bxf3 Ra8 17. Bb4 Bxb4 18. Qxb4 Rc8 19. g3 Rc7 20. Kg2 Qc8 21. Rxc7 Qxc7
22. Ra3 Rc8 23. Rc3 Qb8 24. Rb3 Rc7 25. Be2 Qc8 26. Bd3 g6 27. Nb6 Qd8 28. Qa3
Kg7 29. Rb4 h5 30. Rb3 Nb8 31. Rc3 Rxc3 32. Qxc3 Nbd7 33. Na4 Qe7 34. b4 h4 35.
g4 Qd6 36. Nc5 Nxc5 37. dxc5 1-0

[Event "World Blitz 2025"]
[Site "Doha QAT"]
[Date "2025.12.29"]
[Round "6.93"]
[White "Ibarra Jerez, Jose Carlos"]
[Black "Balakrishnan, Praveen"]
[Result "1/2-1/2"]
[WhiteTitle "GM"]
[BlackTitle "GM"]
[WhiteElo "2532"]
[BlackElo "2507"]
[WhiteFideId "2226332"]
[BlackFideId "2064871"]
[EventDate "2025.12.29"]

1. e4 e5 2. Nf3 Nc6 3. Nc3 Nf6 4. Nd5 d6 5. d4 Nxe4 6. Bb5 a6 7. Ba4 b5 8. Bb3
Na5 9. Qe2 f5 10. O-O c6 11. Ne3 Nxb3 12. axb3 Qc7 13. c4 b4 14. c5 Be7 15. cxd6
Bxd6 16. dxe5 Bxe5 17. Nxe5 Qxe5 18. Nc4 Qc5 19. Be3 Qe7 20. Bf4 Be6 21. f3 Bxc4
22. Qxc4 Qc5+ 23. Qxc5 Nxc5 24. Rfe1+ Kf7 25. Bd6 Ne6 26. Bxb4 Rhb8 27. Bc3 Rxb3
28. Rad1 Rd8 29. Rxd8 Nxd8 30. Rd1 Ke7 31. Bxg7 Ne6 32. Bc3 Nf4 33. Re1+ Kf7 34.
Re5 Rb5 35. Re1 Nd5 36. Be5 Nb4 37. Bc3 Nd5 38. Bh8 Rb8 39. Bd4 Rb4 40. Be5 Nf4
41. Ra1 Nd3 42. Bc3 Rb6 43. Rd1 Nxb2 44. Rd7+ Kg6 45. Rd6+ Kf7 46. Rf6+ Ke7 47.
Rxf5 Nd3 48. h4 Rb5 49. Rf6 Rc5 50. Bd4 Rc4 51. Ba1 Rc1+ 52. Kh2 Rxa1 53. Rxc6
a5 54. Rc7+ Kf6 55. Rxh7 a4 56. Ra7 a3 57. Ra6+ Ke5 58. h5 a2 1/2-1/2

[Event "World Blitz 2025"]
[Site "Doha QAT"]
[Date "2025.12.29"]
[Round "6.94"]
[White "Quparadze, Giga"]
[Black "Krallis, Christos"]
[Result "0-1"]
[WhiteTitle "GM"]
[BlackTitle "IM"]
[WhiteElo "2502"]
[BlackElo "2416"]
[WhiteFideId "13602250"]
[BlackFideId "4298896"]
[EventDate "2025.12.29"]

1. e4 e5 2. Nf3 Nc6 3. Bb5 a6 4. Ba4 Nf6 5. O-O d6 6. Re1 Bd7 7. c3 g6 8. h3 Bg7
9. d4 O-O 10. Bc2 Nh5 11. Be3 Qe8 12. Nbd2 Kh8 13. Nc4 Rc8 14. a4 b5 15. axb5
axb5 16. Ncd2 b4 17. g4 Nf6 18. dxe5 dxe5 19. Bc5 Rg8 20. cxb4 h5 21. g5 Nh7 22.
h4 Bg4 23. Ba4 f6 24. Qc2 Qe6 25. Bb3 Qd7 26. Re3 Rgd8 27. Ra6 fxg5 28. Bd5 Nd4
29. Nxd4 exd4 30. Rd3 Be2 31. Rg3 Bxa6 32. hxg5 h4 33. Rg2 Qh3 34. Qd1 Rxd5 35.
exd5 Re8 36. Rh2 Qf5 37. d6 cxd6 38. Bxd6 h3 39. Bg3 Nxg5 40. f4 Ne4 41. Qa4 Bb5
42. Qa3 Qg4 43. Nxe4 Rxe4 44. Rd2 Re1+ 0-1

[Event "World Blitz 2025"]
[Site "Doha QAT"]
[Date "2025.12.29"]
[Round "6.95"]
[White "Morris, James"]
[Black "Zemlyanskii, Ivan"]
[Result "0-1"]
[WhiteTitle "IM"]
[BlackTitle "GM"]
[WhiteElo "2422"]
[BlackElo "2592"]
[WhiteFideId "3205800"]
[BlackFideId "24249971"]
[EventDate "2025.12.29"]

1. Nf3 Nf6 2. b3 d5 3. Bb2 c5 4. e3 e6 5. c4 Nc6 6. cxd5 exd5 7. Bb5 Bd6 8. O-O
O-O 9. d4 cxd4 10. Nxd4 Bc7 11. Nf3 Re8 12. Nbd2 a6 13. Bd3 Bg4 14. h3 Bh5 15.
Rc1 Ne4 16. Be2 Nxd2 17. Nxd2 Qd6 18. f4 Bxe2 19. Qxe2 Bb6 20. Kh1 Rxe3 21. Qg4
Qg6 22. Nf3 Re2 23. Be5 f6 24. Ba1 Qxg4 25. hxg4 Rxa2 26. Rcd1 Rd8 27. g5 Kf7
28. Rfe1 d4 29. gxf6 gxf6 30. Re4 d3 31. f5 d2 32. Bc3 Rc2 33. Bxd2 Ba5 34. b4
Bxb4 35. Rc1 0-1

[Event "World Blitz 2025"]
[Site "Doha QAT"]
[Date "2025.12.29"]
[Round "6.96"]
[White "Murshed, Niaz"]
[Black "Sychev, Klementy"]
[Result "0-1"]
[WhiteTitle "GM"]
[BlackTitle "GM"]
[WhiteElo "2341"]
[BlackElo "2517"]
[WhiteFideId "10200010"]
[BlackFideId "4114060"]
[EventDate "2025.12.29"]

1. d4 d5 2. c4 dxc4 3. Nf3 Nf6 4. e3 Be6 5. Nc3 c6 6. a4 g6 7. Ne5 c5 8. dxc5
Qxd1+ 9. Nxd1 Nbd7 10. Nxc4 Nxc5 11. Ra3 Rc8 12. Bd2 Nce4 13. b3 Nxd2 14. Kxd2
Bd7 15. Bd3 e6 16. Ra2 Nd5 17. Ra1 f6 18. Ke2 Bb4 19. g3 Kf7 20. e4 Ne7 21. Nde3
Nc6 22. Nc2 Be7 23. Rad1 Rc7 24. f4 Rb8 25. Kf3 a6 26. Rhe1 b5 27. axb5 axb5 28.
N4e3 Na5 29. b4 Nc4 30. Bxc4 bxc4 31. Nxc4 Rxc4 32. Rxd7 Rxc2 33. Ra1 Rc3+ 34.
Kg2 Rd8 35. Rb7 Rc2+ 36. Kh3 h5 37. Raa7 Re8 38. b5 g5 39. fxg5 fxg5 40. g4 Rc3+
41. Kg2 hxg4 42. b6 Rb3 43. e5 Rb5 44. Kg3 Rb4 45. Ra5 Rc8 46. Rc7 Rxc7 47. bxc7
Rc4 48. Ra7 Ke8 49. Rb7 Kf7 50. Ra7 Kg6 51. c8=Q Rxc8 52. Rxe7 Kf5 53. Rg7 Rc3+
54. Kg2 Re3 55. Rg8 Rxe5 56. Rf8+ Kg6 57. Rg8+ Kf7 58. Ra8 Re4 59. Kg3 Rd4 60.
Ra7+ Kf6 61. Ra5 Rd5 62. Ra8 Rd4 63. Ra5 Kg6 64. Re5 Kf6 65. Ra5 Re4 66. Rb5 Rc4
67. Ra5 Rb4 68. Rc5 e5 69. Rc8 Kf5 70. Rf8+ Ke6 71. Rd8 Rd4 72. Rg8 Kf6 73. Rf8+
Kg6 74. Re8 Re4 75. Re7 Kf6 76. Re8 Rb4 77. Ra8 Kg6 78. Rf8 Rf4 79. Re8 Kf5 80.
Rg8 Rf3+ 81. Kg2 e4 82. Rf8+ Ke5 83. Rg8 Kf6 84. Rf8+ Kg7 85. Re8 e3 86. Re4 Kf6
87. Rxg4 Rf2+ 88. Kg3 Rf4 89. h3 Rxg4+ 90. hxg4 Ke5 91. Kf3 Kd4 92. Ke2 Ke5 0-1

[Event "World Blitz 2025"]
[Site "Doha QAT"]
[Date "2025.12.29"]
[Round "6.69"]
[White "Anton Guijarro, David"]
[Black "Chanda, Sandipan"]
[Result "1/2-1/2"]
[WhiteTitle "GM"]
[BlackTitle "GM"]
[WhiteElo "2646"]
[BlackElo "2490"]
[WhiteFideId "2285525"]
[BlackFideId "5004225"]
[EventDate "2025.12.29"]

1. d4 e6 2. Nf3 f5 3. c4 Nf6 4. e3 b6 5. Be2 Bb7 6. O-O Be7 7. Nc3 Ne4 8. Nxe4
Bxe4 9. Nd2 Bb7 10. Bh5+ g6 11. Bf3 Bxf3 12. Nxf3 O-O 13. Qe2 d5 14. Bd2 Nd7 15.
Rac1 Nf6 16. cxd5 exd5 17. Ne5 Bd6 18. f3 Qe8 19. Be1 Qe6 20. Rc6 Rae8 21. Qc2
Nd7 22. Nxd7 Qxd7 23. Bg3 Rxe3 24. Bxd6 cxd6 25. Rc7 Re2 26. Qxe2 Qxc7 27. Qe6+
Kg7 28. Re1 Rf7 29. Qxd5 Re7 30. Rxe7+ Qxe7 31. h3 Qe3+ 32. Kh2 Qf4+ 33. Kh1
Qc1+ 34. Kh2 Qf4+ 1/2-1/2

[Event "World Blitz 2025"]
[Site "Doha QAT"]
[Date "2025.12.29"]
[Round "6.70"]
[White "Cunha, Lucas Aguiar"]
[Black "Vakhidov, Jakhongir"]
[Result "1-0"]
[WhiteTitle "FM"]
[BlackTitle "GM"]
[WhiteElo "2263"]
[BlackElo "2516"]
[WhiteFideId "2125404"]
[BlackFideId "14201801"]
[EventDate "2025.12.29"]

1. e4 c5 2. Nf3 g6 3. d4 cxd4 4. Nxd4 Bg7 5. Nc3 Nc6 6. Nb3 Nf6 7. g4 d6 8. g5
Nd7 9. Be3 a5 10. a4 Nb4 11. Bd4 Ne5 12. Be2 Nbc6 13. Be3 Be6 14. Nd5 O-O 15. f4
Nd7 16. c3 f5 17. gxf6 Nxf6 18. Bf3 Bf7 19. O-O Nd7 20. f5 e6 21. fxe6 Bxe6 22.
Bg4 Rxf1+ 23. Kxf1 Bxg4 24. Qxg4 Nde5 25. Qe6+ Kh8 26. Kg2 Qh4 27. Nd2 Qg4+ 28.
Qxg4 Nxg4 29. Bf4 Nge5 30. Rf1 Re8 31. Bg3 h6 32. h4 Ng4 33. Bxd6 Nge5 34. Bxe5
Nxe5 35. b3 Nd3 36. Rf3 Ne1+ 37. Kf2 Nxf3 38. Kxf3 Rf8+ 39. Ke3 Be5 40. b4 axb4
41. cxb4 Bg3 42. Nf3 Bd6 43. a5 Re8 44. Kd4 Rf8 45. Ke3 Re8 46. Kd4 Bg3 47. e5
Rf8 48. Ke4 g5 49. hxg5 h5 50. Nf6 h4 51. e6 Bd6 52. Nxh4 Ra8 53. Nf5 Bxb4 54.
g6 Bf8 55. e7 Bg7 1-0

[Event "World Blitz 2025"]
[Site "Doha QAT"]
[Date "2025.12.29"]
[Round "6.71"]
[White "Chigaev, Maksim"]
[Black "Aditya, Mittal"]
[Result "1-0"]
[WhiteTitle "GM"]
[BlackTitle "GM"]
[WhiteElo "2626"]
[BlackElo "2624"]
[WhiteFideId "4108116"]
[BlackFideId "35042025"]
[EventDate "2025.12.29"]

1. Nf3 d5 2. g3 Nc6 3. Bg2 e5 4. d3 g6 5. O-O Bg7 6. Nc3 Nge7 7. e4 dxe4 8. dxe4
O-O 9. h3 Be6 10. Be3 a6 11. Re1 h6 12. Kh2 Qxd1 13. Raxd1 Rad8 14. b3 Nd4 15.
Bxd4 exd4 16. Ne2 c5 17. Nf4 Nc6 18. a3 g5 19. Nd3 c4 20. bxc4 Bxc4 21. Nd2 b5
22. f4 Rfe8 23. e5 Ne7 24. Nb4 Nf5 25. Nxc4 bxc4 26. Re4 gxf4 27. gxf4 Rc8 28.
Bf3 Bf8 29. Rg1+ Kh8 30. Bg4 Nh4 31. Rxd4 Bc5 32. Rd7 Bxg1+ 33. Kxg1 Kg7 34. e6
Rf8 35. Nd5 Ng6 36. f5 Ne5 37. f6+ Kg6 38. e7 Nxd7 39. Bxd7 Rfe8 40. Bxe8 Rxe8
41. Nc7 Kxf6 42. Nxe8+ Kxe7 43. Nc7 a5 44. Kf2 Kd6 45. Nb5+ Kc5 46. Nc3 Kd4 47.
Nd1 Ke4 48. Ke2 f5 49. Ne3 c3 50. Nd1 Kd4 51. Kf3 Kc4 52. Kf4 Kd5 1-0